00516nam a2200169 i 4500001000300000100002400003245005400027250001600081260002100097040000800118041000800126942000700134008004100141999001700182856009800199952004900297bg1 aKURZAWA, Stanisław 0aLiniowe obwody elektryczne /cStanisław Kurzawa. aWyd.2 popr. aWarszawa,c1974. cBPK apol cKS s pl f |000 0 pol  c26134d26134 uhttp://koha.tu.koszalin.pl/cgi-bin/koha/opac-detail.pl?biblionumber=26134yKatalog online BPK 00104070aBPKbBPKcwo17290p01446838yKS